000 00943nam a2200277 i 4500
001 bg
100 1 _aCAŁUS, Andrzej
245 1 0 _aPrzewodnik po źródłach i podstawowych instytucjach prawa prywatnego (handlowego) w systemach prawnych Europy kontynentalnej, Wielkiej Brytanii i USA /
_cAndrzej Całus.
260 _aWarszawa :
_bMiędzynarodowa Szkoła Menedżerów,
_ccop.1992.
300 _a372 s. ;
_c21 cm.
490 1 _aBiblioteka Menedżera
650 9 _aPrawo handlowe
_zEuropa
650 9 _aPrawo handlowe
_zStany Zjednoczone
650 9 _aPrawo prywatne
_zEuropa
650 9 _aPrawo prywatne
_zStany Zjednoczone
650 9 _aSpółki
_xprawo
_zEuropa
650 9 _aSpółki
_xprawo
_zStany Zjednoczone
830 _aBiblioteka Menedżera
020 _a8385487034
040 _cBPK
041 0 _apl
080 _a347.7(4-15+73)
920 _a83-85487-03-4
942 _cKS
008 s pl f |000 0 pol
999 _c32385
_d32385
856 _uhttp://koha.tu.koszalin.pl/cgi-bin/koha/opac-detail.pl?biblionumber=32385
_yKatalog online BPK